Statistiques concernant Pped Ynnhoj 2

Cliquez ici pour prendre le quiz!

Statistiques générales

  • Ce quiz a été pris 4 fois
  • Le résultat moyen est 7 sur 15

Statistiques - réponses

HintRéponse% Correct
Guérisseur russe proche du pouvoir et titre d'une chanson d'un célèbre groupe antillais de disco popJonathan-Coren-Tintin et-Mimie Ma-Titi et Grosmi-Ne-Lily-Ali Baba et-Les Rita Mitsou-Ko-Barba-Raspoutine-LaD-40 voleurs-en-Furtado-son Mandela-lou-Bouquet-hen-nny Depp
100%
Célèbre acteur américainJohnny Depp
50%
Une perle de l'humour françaisJonathan Cohen-nny Depp
50%
RICARDJonathan-Corentin Bouquet-hen-nny Depp
50%
La BD c'est ff en vraiJonathan-Coren-Tintin et Milou-Bouquet-hen-nny Depp
50%
Conte pour enfantJonathan-Coren-Tintin et-Mimie Ma-Titi et Grosmi-Ne-Lily-Ali Baba et les 40 voleurs-en-Furtado-son Mandela-lou-Bouquet-hen-nny Depp
50%
L'oiseau vint se pOOOOOOserJonathan-Coren-Tintin et-Mimie Ma-Titi et Grosmi-Ne-Lily-Ali Baba et-Les Rita Mitsou-Ko-Barbara-LaD-40 voleurs-en-Furtado-son Mandela-lou-Bouquet-hen-nny Depp
50%
Fut président de la Republique d'Afrique du SudJonathan-Coren-Tintin et-Mimie Ma-Titi et Grosmi-Nelson Mandela-lou-Bouquet-hen-nny Depp
50%
Dessin animé pour enfantJonathan-Coren-Tintin et-Mimie Ma-Titi et Grosminet-lou-Bouquet-hen-nny Depp
50%
Aussi grande que moiJonathan-Coren-Tintin et-Mimie Mathy-lou-Bouquet-hen-nny Depp
25%
Catherine RingerJonathan-Coren-Tintin et-Mimie Ma-Titi et Grosmi-Ne-Lily-Ali Baba et-Les Rita Mitsouko-40 voleurs-en-Furtado-son Mandela-lou-Bouquet-hen-nny Depp
25%
Il a fait un rap educatif mdrrrJonathan-Coren-Tintin et-Mimie Ma-Titi et Grosmi-Ne-Lily-Ali Baba et-Les Rita Mitsou-Koba LaD-40 voleurs-en-Furtado-son Mandela-lou-Bouquet-hen-nny Depp
25%
22, oh la la... ah non merde c'est pas ce 22 làJonathan-Coren-Tintin et-Mimie Ma-Titi et Grosmi-Ne-Lily Allen-Furtado-son Mandela-lou-Bouquet-hen-nny Depp
25%
LA PUISSANCE DU PORT DU HAVREJonathan-Coren-Tintin et-Mimie Ma-Titi et Grosmi-Ne-Lily Alphonse Brown-en-Furtado-son Mandela-lou-Bouquet-hen-nny Depp
25%
MetaJonathan-Coren-Tintin et-Mimie Ma-Titi et Grosmi-Nelly Furtado-son Mandela-lou-Bouquet-hen-nny Depp
25%

Distribution des résultats

Percentile par nombre de réponses

% des personnes avec chaque résultat

Votre développement - résultats

Vous n’avez pas pris ce quiz